Countries With Most Positive Image Ratings From Americans - Statistics

General Stats
  • This quiz has been taken 435 times
  • The average score is 6 of 10
Answer Stats
Answer % Correct
France
91%
Canada
90%
UK
89%
Germany
84%
Mexico
77%
Japan
76%
South Korea
50%
India
40%
Israel
24%
Egypt
13%
No matching quizzes found
Score Distribution
Percent of People with Each Score
Percentile by Number Answered
Your Score History
You have not taken this quiz